Statystyki dla Łatwy test z geografii

Kliknij tutaj aby rozwiązać quiz!

Ogólne statystyki

  • Ten quiz został rozwiązany 109 razy
    (41 od ostatniego zresetowania)
  • Średni wynik to 31 z 63

Statystyki odpowiedzi

ZagadnienieKomórkaSelect% Poprawnych
Zaznacz nazwy szczytówDodomaNie
83%
Zaznacz nazwy szczytówEverestTak
83%
Zaznacz nazwy szczytówMississippiNie
80%
Zaznacz nazwy szczytówZambeziNie
77%
Zaznacz nazwy szczytówBlancTak
74%
Zaznacz nazwy szczytówLuzonNie
69%
Zaznacz nazwy szczytówKościuszkiTak
66%
Zaznacz nazwy mórzBałtyckieTak
63%
Zaznacz nazwy mórzKaraibskieTak
60%
Zaznacz flagi państw afrykańskichTak
57%
Zaznacz rzekiDominikaNie
57%
Zaznacz wyspySurinamNie
57%
Zaznacz rzekiTallinnNie
57%
Zaznacz państwa w AzjiBhutanTak
54%
Zaznacz państwa w AzjiFilipinyTak
54%
Zaznacz nazwy szczytówFudżiTak
54%
Zaznacz wyspyGambiaNie
54%
Zaznacz państwa w AzjiGujanaNie
54%
Zaznacz rzekiK2Nie
54%
Zaznacz nazwy mórzLapońskieNie
54%
Zaznacz państwa w AzjiMauretaniaNie
54%
Zaznacz państwa w AzjiOmanTak
54%
Zaznacz wyspyPerthNie
54%
Zaznacz nazwy mórzPółnocneTak
54%
Zaznacz rzekiWołgaTak
54%
Zaznacz flagi państw afrykańskichNie
51%
Zaznacz flagi państw afrykańskichNie
51%
Zaznacz flagi państw afrykańskichTak
51%
Zaznacz StoliceKaracziNie
51%
Zaznacz wyspyObNie
51%
Zaznacz państwa w AzjiSamoaNie
51%
Zaznacz państwa w AzjiSenegalNie
51%
Zaznacz flagi państw afrykańskichNie
49%
Zaznacz flagi państw afrykańskichTak
49%
Zaznacz nazwy mórzAtlantyckieNie
49%
Zaznacz rzekiGalapagosNie
49%
Zaznacz StoliceLimaTak
49%
Zaznacz StoliceNowy JorkNie
49%
Zaznacz rzekiRenTak
49%
Zaznacz nazwy mórzIndyjskieNie
46%
Zaznacz rzekiSumatraNie
46%
Zaznacz flagi państw afrykańskichTak
43%
Zaznacz nazwy mórzArktyczneNie
43%
Zaznacz państwa w AzjiMalediwyTak
43%
Zaznacz StolicePrisztinaTak
43%
Zaznacz wyspySri LankaTak
43%
Zaznacz flagi państw afrykańskichNie
40%
Zaznacz StoliceBombajNie
40%
Zaznacz państwa w AzjiBruneiTak
40%
Zaznacz rzekiHuang HeTak
40%
Zaznacz wyspyBorneoTak
37%
Zaznacz StoliceLagosNie
37%
Zaznacz wyspyMartynikaTak
37%
Zaznacz StoliceMontevideoTak
37%
Zaznacz flagi państw afrykańskichTak
34%
Zaznacz nazwy mórzJapońskieTak
34%
Zaznacz rzekiKongoTak
31%
Zaznacz nazwy mórzPerskieNie
31%
Zaznacz StoliceGwatemalaTak
29%
Zaznacz StoliceManilaTak
29%
Zaznacz wyspySikokuTak
29%
Zaznacz nazwy szczytówKrywańTak
23%
Zaznacz wyspyCejlonTak
17%

Rozkład punktacji

Percentyl według liczby udzielonych odpowiedzi

Procent ludzi z każdym wynikiem

Twoja historia wyników

Nie rozwiązałeś tego quizu od ostatniego zresetowania